|
|
|
|
| LEADER |
00000nab a2200000uu 4500 |
| 001 |
vtls011464297 |
| 003 |
SK-MaSNL |
| 005 |
20260304033431.0 |
| 008 |
230121|1966 xo |||||||||||||||||slo| |
| 015 |
|
|
|a SNBRB
|
| 035 |
|
|
|a (urnnbn)urn:nbn:sk:snk:ar-a0auja
|
| 035 |
|
|
|a (uuid)cfcdeb24-94fb-4cc9-b04d-72f20b06eb8a
|
| 035 |
|
|
|a urn:nbn:sk:snk-abcxbk
|
| 040 |
|
|
|a SNKBUCL
|b slo
|c SNKBUCL
|e AACR2
|
| 041 |
0 |
|
|a slo
|
| 044 |
|
|
|a xo
|c SK
|
| 100 |
1 |
|
|a Farner, Konrad,
|d 1903-1974
|4 aut
|9 682852
|
| 245 |
1 |
0 |
|a Realizmus vo výtvarnom umení
|c Konrad Farner
|
| 650 |
0 |
7 |
|a výtvarné umenie
|2 snkbucl
|9 723
|
| 650 |
0 |
7 |
|a realizmus (umenie)
|2 snkbucl
|9 118221
|
| 773 |
0 |
|
|t Výtvarný život
|g Roč. 11, č. 8 (1966), s. 282-284
|
| 954 |
|
|
|a odborná, vedecká literatúra cudzojazyčná (svetová)
|2 lita
|
| 958 |
|
|
|a OND
|
| 958 |
|
|
|a EUIPO
|
| 958 |
|
|
|a article16
|
| 999 |
|
|
|c 2648113
|d 2650043
|